[Event "Mittelfr. EM 2018 - Nebenturnier"]
[Site "Nürnberg"]
[Date "2018.03.31"]
[Round "7.8"]
[White "Greul, Hans"]
[Black "Babichev, Vyacheslav"]
[Result "1-0"]
[WhiteElo "2066"]
[BlackElo "1822"]
[PlyCount "99"]
[EventDate "2018.??.??"]
[WhiteTeam "SK Schwabach"]
[BlackTeam "SW Nürnberg Süd"]

1. d4 Nf6 2. Nf3 g6 3. e3 Bg7 4. Be2 O-O 5. O-O d5 6. c4 c6 7. b3 e6 8. Bb2 b6
9. Nc3 Re8 10. Rc1 Nbd7 11. Qc2 Bh6 12. h3 Bb7 13. Ba3 Rc8 14. cxd5 cxd5 15.
Qb2 a6 16. Bd6 Bf8 17. Qa3 b5 18. Bxf8 Nxf8 19. Ne5 Qe7 20. b4 N8d7 21. Nd3 Nb6
22. Nc5 Nc4 23. Bxc4 dxc4 24. Qb2 Ba8 25. a4 Rb8 26. f3 Qd6 27. f4 Rb6 28. Ra1
Bc6 29. a5 Rbb8 30. Rad1 Ra8 31. e4 Qe7 32. Rf2 Red8 33. Rfd2 Qc7 34. d5 exd5
35. exd5 Bd7 36. d6 Qa7 37. Nxb5 Bxb5 38. Qxf6 Rf8 39. h4 Bd7 40. h5 h6 41.
hxg6 fxg6 42. Qxg6+ Kh8 43. Qxh6+ Kg8 44. Qg6+ Kh8 45. Rd5 Bf5 46. Rxf5 Rxf5
47. Qxf5 Qg7 48. d7 Qe7 49. Qh5+ Kg8 50. Qd5+ 1-0

[Event "Mittelfr. EM 2018 - Nebenturnier"]
[Site "Nürnberg"]
[Date "2018.03.31"]
[Round "7.9"]
[White "Dreiseitel, Ursula"]
[Black "Merdian, Nick"]
[Result "1-0"]
[WhiteElo "1461"]
[BlackElo "1833"]
[PlyCount "133"]
[EventDate "2018.??.??"]
[WhiteTeam "SGem Fürth"]
[BlackTeam "SC Postbauer-Heng"]

1. d4 Nf6 2. Bf4 g6 3. Nf3 Bg7 4. e3 O-O 5. Nbd2 d5 6. c3 Bf5 7. Nh4 Bg4 8.
Nhf3 Nc6 9. Qc2 Bf5 10. Bd3 Bxd3 11. Qxd3 Qd7 12. h3 a6 13. g4 b5 14. O-O-O b4
15. Ne5 Nxe5 16. Bxe5 a5 17. g5 Nh5 18. Bxg7 Nxg7 19. Nb1 Qa4 20. a3 Rfb8 21.
Qc2 Qd7 22. f4 Nf5 23. Rde1 Nd6 24. Rh2 Ne4 25. h4 bxc3 26. Nxc3 Nxc3 27. Qxc3
Rb6 28. Rc2 c6 29. Rh1 Qb7 30. h5 Rb8 31. Rhh2 a4 32. hxg6 fxg6 33. f5 Qd7 34.
fxg6 hxg6 35. Qd3 Qe6 36. Rh6 Kg7 37. Rch2 Qf5 38. Rh7+ Kf8 39. Qxf5+ gxf5 40.
g6 Kg8 41. Rxe7 R6b7 42. Rxb7 Rxb7 43. Rf2 Kg7 44. Rxf5 Kxg6 45. Rf8 Ra7 46.
Kc2 Kg7 47. Rf2 Re7 48. Kd3 Kg6 49. Rf8 Ra7 50. e4 Rf7 51. Rxf7 Kxf7 52. e5 Ke6
53. b4 Kf5 54. Ke3 Ke6 55. Kf4 Ke7 56. Kf5 Kf7 57. e6+ Ke7 58. Ke5 c5 59. bxc5
Ke8 60. Kxd5 Ke7 61. c6 Kd8 62. Kd6 Ke8 63. c7 Kf8 64. c8=Q+ Kg7 65. e7 Kf6 66.
e8=Q Kg5 67. Qe7+ 1-0

[Event "Mittelfr. EM 2018 - Nebenturnier"]
[Site "Nürnberg"]
[Date "2018.03.31"]
[Round "7.11"]
[White "Keller, Jan-Christopher"]
[Black "Dreiseitel, Werner"]
[Result "0-1"]
[WhiteElo "1011"]
[BlackElo "1570"]
[PlyCount "88"]
[EventDate "2018.??.??"]
[WhiteTeam "SV Neustadt/Aisch"]
[BlackTeam "SGem Fürth"]

1. c4 c6 2. Nc3 g6 3. g3 Bg7 4. Bg2 d6 5. e3 e5 6. Nge2 Be6 7. Qb3 Qc7 8. O-O
Ne7 9. d4 exd4 10. Nxd4 Bd7 11. Rd1 Na6 12. Nde2 Nc5 13. Qa3 Be6 14. b3 Bf5 15.
e4 Nxe4 16. Bxe4 Bxe4 17. Qxd6 Qxd6 18. Rxd6 Nf5 19. Rd2 O-O 20. Bb2 Bf3 21.
Rb1 Rfe8 22. Kf1 Re7 23. Rbd1 Rae8 24. Rd8 Bxe2+ 25. Nxe2 Bxb2 26. g4 Ng7 27.
Ng3 Bc3 28. Kg2 Ba5 29. R8d6 Bb6 30. b4 Bc7 31. Rd7 Bxg3 32. hxg3 Kf8 33. Rd8
Ne6 34. R8d6 Ng5 35. f4 Re2+ 36. Kf1 Nh3 37. R6d2 R2e3 38. Kg2 Nxf4+ 39. gxf4
R3e4 40. Rd4 Re2+ 41. Kh3 R8e3+ 42. Kh4 Rh2+ 43. Kg5 h6+ 44. Kf6 Re6# 0-1

[Event "Mittelfr. EM 2018 - Nebenturnier"]
[Site "Nürnberg"]
[Date "2018.03.31"]
[Round "7.12"]
[White "Hummady, Pascha"]
[Black "Zeug, Klaus-Peter"]
[Result "0-1"]
[WhiteElo "850"]
[BlackElo "1587"]
[PlyCount "78"]
[EventDate "2018.??.??"]
[WhiteTeam "SC Noris-Tarrasch Nürnberg"]
[BlackTeam "SK Nürnberg"]

1. e4 e5 2. Nf3 Nc6 3. Bc4 Bc5 4. b4 Bxb4 5. c3 Be7 6. O-O Nf6 7. Ng5 O-O 8. d4
exd4 9. cxd4 h6 10. Nf3 Nxe4 11. Re1 d5 12. Bd3 Nf6 13. h3 Re8 14. Nbd2 Bb4 15.
Rxe8+ Qxe8 16. Nf1 Bc3 17. Rb1 b6 18. Bc2 Ba6 19. Ng3 Rd8 20. Bxh6 gxh6 21. Nh4
Ne7 22. Nh5 Nxh5 23. Qxh5 Qf8 24. g4 Qg7 25. Kh2 Qg5 26. Rg1 Qxh5 27. gxh5+ Kf8
28. Bh7 Bxd4 29. Rg2 Be5+ 30. Kg1 Ke8 31. Nf5 Nxf5 32. Bxf5 Ke7 33. Bb1 Bb7 34.
f3 d4 35. Rg4 Bxf3 36. Rh4 d3 37. Bxd3 Rxd3 38. Kf2 Bb7 39. Ke2 Ra3 0-1

[Event "Mittelfr. EM 2018 - Nebenturnier"]
[Site "Nürnberg"]
[Date "2018.03.31"]
[Round "7.13"]
[White "Hamazaspyan, Seryozka"]
[Black "Walter, Gabriele"]
[Result "1-0"]
[WhiteElo "1245"]
[BlackElo "1590"]
[PlyCount "119"]
[EventDate "2018.??.??"]
[WhiteTeam "SC Noris-Tarrasch Nürnberg"]
[BlackTeam "SV Lauf"]

1. e4 c5 2. Nf3 Nc6 3. d4 cxd4 4. Nxd4 g6 5. Nc3 Bg7 6. Be3 Nf6 7. Bb5 O-O 8.
Qd2 Nxd4 9. Bxd4 d6 10. O-O-O Ng4 11. Bxg7 Kxg7 12. f3 Ne5 13. f4 Nd7 14. e5
Qb6 15. exd6 exd6 16. Qxd6 Qe3+ 17. Qd2 Qxd2+ 18. Rxd2 Nc5 19. b4 Ne6 20. Rf1
Nc7 21. Bd7 b6 22. Bxc8 Raxc8 23. Kb2 Rcd8 24. Rfd1 Rxd2 25. Rxd2 Ne6 26. g3 a5
27. bxa5 bxa5 28. Na4 Kf6 29. Rd5 Ra8 30. c4 Nc7 31. Rd6+ Ke7 32. c5 Nb5 33.
Nb6 Nxd6 34. cxd6+ Kxd6 35. Nxa8 Ke6 36. Nc7+ Kd6 37. Nb5+ Kc5 38. Nc3 Kb4 39.
a3+ Kc4 40. Kc2 f5 41. Ne2 h6 42. h3 g5 43. fxg5 hxg5 44. h4 f4 45. Nxf4 gxf4
46. gxf4 Kd5 47. Kd3 Ke6 48. Ke4 Kf6 49. f5 a4 50. h5 Kg7 51. Ke5 Kh6 52. Ke6
Kg7 53. Ke7 Kh8 54. f6 Kg8 55. f7+ Kh7 56. f8=R Kg7 57. Rf6 Kh8 58. Kf7 Kh7 59.
Rg6 Kh8 60. Rh6# 1-0